Encyclopedia of how it is made (Record no. 30428)

MARC details
000 -LEADER
fixed length control field 00273nam a2200109Ia 4500
082 ## - DEWEY DECIMAL CLASSIFICATION NUMBER
Classification number 62(031)
Item number CLA
245 #0 - TITLE STATEMENT
Title Encyclopedia of how it is made
260 ## - PUBLICATION, DISTRIBUTION, ETC. (IMPRINT)
Place of publication London
Name of publisher Marshall
Year of publication 1974
700 ## - ADDED ENTRY--PERSONAL NAME
Personal name Clarke, Donald
942 ## - ADDED ENTRY ELEMENTS (KOHA)
Koha item type Books
Holdings
Withdrawn status Lost status Damaged status Not for loan Home library Current library Date acquired Cost, normal purchase price Full call number Accession Number Koha item type
        RRII Library RRII Library 16/12/2021 4.95 62(031) CLA 11000 Books